[Event "Catalunya-chB"]
[Site "Spain"]
[Date "1996.10.06"]
[Round "1"]
[White "Fernandez Barragan, Josep A"]
[Black "Vera Pons, Felipe"]
[Result "0-1"]
[WhiteElo "1785"]
[BlackElo "1835"]
[PlyCount "36"]
[EventDate "1997.??.??"]
[EventType "swiss"]
[EventRounds "8"]
[EventCountry "ESP"]
[SourceTitle "EXT 2003"]
[Source "ChessBase"]
[SourceDate "2002.11.25"]
[SourceVersion "1"]
[SourceVersionDate "2002.11.25"]
[SourceQuality "1"]

1. d4 d6 2. c4 f5 3. Nc3 Nf6 4. Nf3 e6 5. Bg5 Be7 6. e3 0-0 7. Bd3 a5 8. b3 h6 9. Bf4 Na6 10. a3 Nh5 11. Qc2 c5 12. Qd2 Nxf4 13. exf4 Bf6 14. d5 exd5 15. cxd5 Re8+ 16. Kd1 Nc7 17. Bc4 b5 18. Bd3 b4 0-1